<?xml version="1.0" encoding="UTF-8"?>
<record
    xmlns:xsi="http://www.w3.org/2001/XMLSchema-instance"
    xsi:schemaLocation="http://www.loc.gov/MARC21/slim http://www.loc.gov/standards/marcxml/schema/MARC21slim.xsd"
    xmlns="http://www.loc.gov/MARC21/slim">

  <leader>00688nam a22001937a 4500</leader>
  <controlfield tag="005">20160722111421.0</controlfield>
  <datafield tag="010" ind1=" " ind2=" ">
    <subfield code="a">ENG-115492</subfield>
  </datafield>
  <datafield tag="020" ind1=" " ind2=" ">
    <subfield code="a">9789385493164</subfield>
    <subfield code="c">285.00</subfield>
  </datafield>
  <datafield tag="035" ind1=" " ind2=" ">
    <subfield code="a">EN-99024</subfield>
  </datafield>
  <datafield tag="037" ind1=" " ind2=" ">
    <subfield code="b">DBAD/PUB</subfield>
  </datafield>
  <datafield tag="082" ind1=" " ind2=" ">
    <subfield code="a">000</subfield>
  </datafield>
  <datafield tag="245" ind1=" " ind2=" ">
    <subfield code="a">Rathore practice papers for IBPS probationary officers prelim cum main recruitment examination 2015 /</subfield>
    <subfield code="c">edited by Kunwar Ishwar Singh Rathore</subfield>
  </datafield>
  <datafield tag="250" ind1=" " ind2=" ">
    <subfield code="a">ed. 2016</subfield>
  </datafield>
  <datafield tag="260" ind1=" " ind2=" ">
    <subfield code="a">Delhi</subfield>
    <subfield code="b">Rathore Publishers &amp; Distributors</subfield>
    <subfield code="c">2015</subfield>
  </datafield>
  <datafield tag="270" ind1=" " ind2=" ">
    <subfield code="a">202,2nd Floor, 4832/24,Ansari Road, Daryaganj</subfield>
    <subfield code="b">Delhi</subfield>
    <subfield code="e">110002</subfield>
    <subfield code="k">01145795251</subfield>
  </datafield>
  <datafield tag="300" ind1=" " ind2=" ">
    <subfield code="a">459p.</subfield>
    <subfield code="c">24cm(pbk)</subfield>
  </datafield>
  <datafield tag="700" ind1=" " ind2=" ">
    <subfield code="d">Kunwar Ishwar Singh Rathore</subfield>
  </datafield>
  <datafield tag="942" ind1=" " ind2=" ">
    <subfield code="2">ddc</subfield>
    <subfield code="c">EN</subfield>
    <subfield code="h">000</subfield>
    <subfield code="m">RAT</subfield>
  </datafield>
  <datafield tag="999" ind1=" " ind2=" ">
    <subfield code="c">101367</subfield>
    <subfield code="d">101367</subfield>
  </datafield>
  <datafield tag="952" ind1=" " ind2=" ">
    <subfield code="0">0</subfield>
    <subfield code="1">0</subfield>
    <subfield code="4">0</subfield>
    <subfield code="7">1</subfield>
    <subfield code="8">REF</subfield>
    <subfield code="a">DBAD</subfield>
    <subfield code="b">BN</subfield>
    <subfield code="d">2016-07-19</subfield>
    <subfield code="e">DBAD/PUB</subfield>
    <subfield code="g">285.00</subfield>
    <subfield code="l">0</subfield>
    <subfield code="o">000 RAT</subfield>
    <subfield code="p">EN-99024</subfield>
    <subfield code="r">2016-07-19 00:00:00</subfield>
    <subfield code="t">1</subfield>
    <subfield code="v">285.00</subfield>
    <subfield code="y">EN</subfield>
  </datafield>
</record>
